La agricultura gallega en 1986 (Record no. 21389)

MARC details
000 -LEADER
campo de control de longitud fija 00611nam a2200181 i 4500
001 - NÚMERO DE CONTROL
campo de control 21389
003 - IDENTIFICADOR DE NÚMERO DE CONTROL
campo de control ES-MaACL
007 - CAMPO FIJO DE DESCRIPCIÓN FÍSICA--INFORMACIÓN GENERAL
campo de control de longitud fija t|
008 - DATOS DE LONGITUD FIJA--INFORMACIÓN GENERAL
campo de control de longitud fija 021125s1987 sp ||||1| spa d
020 ## - NÚMERO INTERNACIONAL ESTÁNDAR DEL LIBRO
Número Internacional Estándar del Libro 84-300-9725-2
245 03 - MENCIÓN DEL TÍTULO
Título La agricultura gallega en 1986
Resto del título : [estudio económico] /
Mención de responsabilidad, etc. [dirigido por Gonzalo Fernández].
260 ## - PUBLICACIÓN, DISTRIBUCIÓN, ETC.
Lugar de publicación, distribución, etc. Orense :
Nombre del editor, distribuidor, etc. Caja Rural Provincial, Servicio de Estudios,
Fecha de publicación, distribución, etc. [1987]
300 ## - DESCRIPCIÓN FÍSICA
Extensión 727 p. ;
Dimensiones 21 cm.
500 ## - NOTA GENERAL
Nota general Indices.
700 1# - ENTRADA AGREGADA--NOMBRE PERSONAL
Nombre de persona Fernández, Gonzalo.
9 (RLIN) 49369
710 2# - ENTRADA AGREGADA--NOMBRE DE ENTIDAD CORPORATIVA
Nombre de entidad corporativa o nombre de jurisdicción como elemento de entrada Caja Rural Provincial de Orense.
Unidad subordinada Servicio de Estudios.
9 (RLIN) 2344
852 ## - LOCALIZACIÓN
Ubicación ES-MaACL
Número de control de estantería G-10840
Sublocalización o colección R.114256
Holdings
Estatus retirado Estado de pérdida Estado de daño No para préstamo Biblioteca de origen Biblioteca actual Ubicación en estantería Fecha de adquisición Fuente de adquisición Total de préstamos Signatura topográfica completa Código de barras Visto por última vez Precio de reemplazo Tipo de ítem Koha
        Biblioteca del Ateneo de Madrid Biblioteca del Ateneo de Madrid Sala Pecera Planta 3 17/01/2008     G-10840 1021976 23/02/2023 23/02/2023 Libro impreso